Statistisk arsbok för Sverige 1990 Statistical Abstract of Sweden

Na minha lista:
Detalhes bibliográficos
Formato: Livro
Idioma:sueco
Publicado em: Stockholm Statistiska centralbyra 1989
Tags: Adicionar Tag
Sem tags, seja o primeiro a adicionar uma tag!

MARC

LEADER 00000nam a2200000 4500
001 c026463
005 20260327113256.9
041 0 |a swe 
044 |a SE 
245 1 0 |a Statistisk arsbok för Sverige 1990  |b Statistical Abstract of Sweden 
264 1 |a Stockholm  |b Statistiska centralbyra  |c 1989 
300 |a 565 s.